Supreme Court Civil Appeal No. 2 of 2002 Erukana Kuwe Vs Vasrambhai Damji Vader. (Record no. 2425)

MARC details
000 -LEADER
fixed length control field 00492nam a22001097a 4500
008 - FIXED-LENGTH DATA ELEMENTS--GENERAL INFORMATION
fixed length control field 110607t xxu||||| |||| 00| 0 eng d
010 ## - LIBRARY OF CONGRESS CONTROL NUMBER
LC control number SCCAf8b
245 ## - TITLE STATEMENT
Title Supreme Court Civil Appeal No. 2 of 2002 Erukana Kuwe Vs Vasrambhai Damji Vader.
260 ## - PUBLICATION, DISTRIBUTION, ETC. (IMPRINT)
Date of publication, distribution, etc 2002
500 ## - GENERAL NOTE
General note Coram:Odoki-Cj, Oder, Tsekooko, Mulenga And Kanyimba- JJ.S.C
500 ## - GENERAL NOTE
Materials specified Appeal from the decision of the Court of Appeal at Kampala (mpagi-Bahigeine, Engwau and Kitumba,JJ.A. dated 21-09-2001,in Cival Appeal No. 42 of 2000.
Holdings
Withdrawn status Lost status Source of classification or shelving scheme Damaged status Koha normalized classification for sorting Not for loan Location (home branch) Sublocation or collection (holding branch) Shelving location Date acquired Koha issues (times borrowed) Koha full call number Piece designation (barcode) Koha date last seen Price effective from Koha item type
    Dewey Decimal Classification   SCCAF_8B   Law Development Centre Main Library Law Development Centre Main Library Law Reports 06/07/2011   SCCAF-8b 2/2002/1 06/07/2011 06/07/2011 Un Reported Cases
    Dewey Decimal Classification   SCCAF_8B   Law Development Centre Main Library Law Development Centre Main Library Law Reports 06/07/2011   SCCAF-8b 2/2002/2 06/07/2011 06/07/2011 Un Reported Cases
    Dewey Decimal Classification   SCCAF_8B   Law Development Centre Main Library Law Development Centre Main Library Law Reports 06/07/2011   SCCAF-8b 2/2002/3 06/07/2011 06/07/2011 Un Reported Cases